000 00396nam a2200157Ia 4500
008 210716s2004 xx 000 0 und d
020 _a8120324730
041 _aeng
082 _a004.6005 BUYJ
100 _aBuyens, Jim.
245 _aMicrosoft office: front page 2003.
250 _a1
260 _aNew Delhi
_bPrentice Hall of India PVt Ltd
_c2004
300 _axIiv,1199
650 _aNone
999 _c186080
_d186080